000 00581nam a22002537a 4500
003 UA-OsUOA
001 23200
007 ta
008 20040114b un ||||| |||| 00| 0 ukr d
100 _aБеспалов Д.
090 _a266
_bБ53
942 _cBK
040 _aUA-OsUOA
_brus
_cUA-OsUOA
_dUA-OsUOA
245 _aДары Святого Духа
300 _a154 с.
955 _a0
041 _arus
080 _a266
020 _a5-8292-0027-9
260 _aКиев
_bКиевская правда
_c1980
044 _aUA
650 7 _2UDC
999 _c309444
_d309444